[Event "HUN-chT"]
[Site "HUN"]
[Date "1992.??.??"]
[Round "?"]
[White "Mate, Laszlo"]
[Black "Gazik, Igor"]
[Result "0-1"]
[WhiteElo "2295"]
[BlackElo "2435"]

1.c4 e5 2.g3 Nc6 3.Bg2 g6 4.Nc3 Bg7 5.Nf3 d6 6.O-O Be6 7.d3 h6 8.Rb1 a5 9.a3 Nf6
10.b4 axb4 11.axb4 O-O 12.b5 Ne7 13.Qb3 Nd7 14.Ba3 f5 15.Nd2 Rb8 16.Nd5 Bf7
17.Bb4 g5 18.Ra1 Nxd5 19.cxd5 b6 20.Qc4 Nc5 21.e3 Rc8 22.d4 exd4 23.exd4 Nd7
24.Ra7 Nf6 25.Rc1 Ne8 26.Nb3 Ra8 27.Ra6 Rb8 28.Re1 Kh8 29.Ra7 Ra8 30.Ra6 Rc8
31.Ra7 Nf6 32.Rc1 Ne8 33.Re1 Qd7 34.Rc1 Kg8 35.Re1 Nf6 36.Rc1 Rfe8 37.Nd2 Re7
38.Nf1 Be8 39.Qc6 Qd8 40.Qc4 Qd7 41.Bh3 Bf7 42.Ne3 g4 43.Bf1 h5 44.Bd3 Rxe3
45.fxe3 Nxd5 46.Qc6 Qe6 47.Bd2 Nxe3 48.Bc3 Nd5 49.Re1 Qf6 50.Bb2 Nb4 51.Qc3 Nxd3
52.Qxd3 Bd5 53.Qe3 Be4 54.Rc1 Qf7 55.Qg5 Kh8 56.Re1 Kg8 57.Rc1 Kh8 58.Re1 Re8
59.Rc1 Re7 60.Rf1 Kh7 61.Rfa1 Bh6 62.Qh4 Kg6 63.Bc1 Qd5 64.R7a4 Qb3 65.R4a3 Qd1+
66.Kf2 Bd3 67.Rxd3 Re2+  0-1

[Event "HUN-chT"]
[Site "HUN"]
[Date "1992.??.??"]
[Round "?"]
[White "Csom, Istvan"]
[Black "Nemeth, Zoltan"]
[Result "1-0"]
[WhiteElo "2490"]
[BlackElo "2360"]

1.c4 e5 2.g3 g6 3.Bg2 Bg7 4.Nc3 d6 5.d3 c6 6.e4 Be6 7.Nge2 Qc8 8.Be3 Bh3
9.Bxh3 Qxh3 10.Qb3 Qc8 11.d4 Ne7 12.Qa3 Qc7 13.Rd1 O-O 14.dxe5 dxe5 15.Bc5 Re8
16.Bd6 Qd8 17.Bxe5 Qc8 18.Bxg7 Kxg7 19.O-O Nd7 20.b3 Ng8 21.Kg2 Ngf6 22.f3 Ne5
23.h3 h5 24.Rd6 Qc7 25.Rfd1 Qe7 26.Qb2 Red8 27.Qd2 Rxd6 28.Qxd6 Qxd6 29.Rxd6 Ned7
30.f4 Nc5 31.e5 Ne8 32.Rd2 a5 33.Kf3 Kf8 34.Ne4 Nxe4 35.Kxe4 Ke7 36.Nc3 f5+
37.exf6+ Nxf6+ 38.Kf3 b6 39.Ne4 Nxe4 40.Kxe4 Rf8 41.a3 Ke6 42.Rd3 Re8 43.Kf3 Rh8
44.g4 hxg4+ 45.Kxg4 Rh5 46.b4 Ke7 47.h4 Rf5 48.Re3+ Kf7 49.Re5 axb4 50.axb4 Rf6
51.c5 bxc5 52.bxc5 Kg7 53.h5 gxh5+ 54.Rxh5 Rf8 55.Rg5+ Kh7 56.f5 Ra8 57.Rg6 Rc8
58.Kf4  1-0

[Event "HUN-chT"]
[Site "HUN"]
[Date "1992.??.??"]
[Round "?"]
[White "Mate, Laszlo"]
[Black "Karsa, Laszlo"]
[Result "1/2-1/2"]
[WhiteElo "2295"]
[BlackElo "2410"]

1.c4 e5 2.g3 Nc6 3.Bg2 g6 4.Nc3 Bg7 5.e3 d6 6.Nge2 Nge7 7.O-O O-O 8.Rb1 a5
9.a3 Bf5 10.d3 Qd7 11.Re1 Bh3 12.Bh1 Nd8 13.b4 axb4 14.axb4 c6 15.b5 Ne6
16.Na4 Qc7 17.Qb3 Rfd8 18.Bd2 Nc5 19.Nxc5 dxc5 20.Red1 cxb5 21.Qxb5 Rxd3
22.Be4 Rd7 23.Nc3 Bg4 24.f3 Be6 25.Be1 Rxd1 26.Rxd1 Nf5 27.Bxf5 gxf5 28.Nd5 Bxd5
29.Rxd5 e4 30.Rxc5 Qe7 31.Rxf5 Ra1 32.Kf2 Ra2+ 33.Kg1 exf3 34.Rxf3 Ra1 35.Kf2  1/2-1/2

[Event "HUN-chT"]
[Site "HUN"]
[Date "1992.??.??"]
[Round "?"]
[White "Navarovszky, Laszlo"]
[Black "Karolyi, Tibor Jr"]
[Result "0-1"]
[WhiteElo "2340"]
[BlackElo "2365"]

1.c4 e5 2.g3 c6 3.d3 d5 4.Nd2 Be6 5.Bg2 Nf6 6.Ngf3 Bd6 7.O-O O-O 8.Qc2 Nbd7
9.a3 a5 10.b3 h6 11.Bb2 d4 12.Rfe1 c5 13.e3 Qc7 14.Nf1 Rae8 15.N3d2 Nh7 16.Rab1 Kh8
17.Bc1 Ng5 18.Ne4 Nxe4 19.Bxe4 Nf6 20.Bg2 Bd7 21.Bd2 b5 22.exd4 exd4 23.Rxe8 Rxe8
24.Re1 Rb8 25.Bc1 a4 26.cxb5 Qa5 27.Bd2 Qxb5 28.bxa4 Qxa4 29.Qc1 Bf8 30.Bf4 Rb3
31.Be5 Qxa3 32.Qf4 Rb6 33.Be4 Kg8 34.Bxf6 Rxf6 35.Qc7 Qb2 36.f4 Bh3 37.Qa5 g5
38.Qd2 Qxd2 39.Nxd2 gxf4 40.gxf4 Rxf4 41.Bd5 Kg7 42.Nc4 Rf6 43.Be4 Be7 44.Kh1 Rf2
45.Rg1+ Kf8 46.Rg3 Be6 47.Rf3 Re2 48.Ne5 Bd6 49.Ng6+ Ke8 50.Nf4 Bxf4 51.Rxf4 Ke7
52.Kg1 Kd6 53.Rh4 f5 54.Bg2 Ke5 55.Bf1 Rc2 56.Rxh6 Bd5 57.Rh8 Kf4 58.Rd8 Bf3
59.Re8 Bg4 60.Re7 Bd1  0-1

[Event "HUN-chT"]
[Site "HUN"]
[Date "1992.??.??"]
[Round "6"]
[White "Mate, Laszlo"]
[Black "Bali, Janos"]
[Result "1-0"]
[WhiteElo "2295"]
[BlackElo "2255"]

1.c4 e5 2.g3 Nc6 3.Bg2 g6 4.Nc3 Bg7 5.Nf3 Nge7 6.O-O d6 7.d3 Bg4 8.h3 Be6
9.Rb1 Qd7 10.Ng5 O-O 11.Nxe6 fxe6 12.b4 Kh8 13.b5 Nd8 14.Qb3 Nf5 15.e3 h6
16.a4 Rg8 17.a5 Nf7 18.Ba3 h5 19.c5 Qe7 20.b6 axb6 21.axb6 d5 22.c6 N5d6
23.bxc7 Qxc7 24.Nb5 Qxc6 25.Rfc1 Qd7 26.Rc7 Qd8 27.Rbc1 Re8 28.e4 Bh6 29.R1c2 d4
30.h4 Re7 31.Rxe7 Qxe7 32.Rc7 Qd8 33.Qxe6 Nxb5 34.Rxf7 Bg7 35.Qxg6 Qg8 36.Be7 Qh7
37.Rxg7  1-0

[Event "Hyeres op"]
[Site "Hyeres"]
[Date "1992.??.??"]
[Round "?"]
[White "Foisor, Cristina Adela B"]
[Black "Kuntz, Pierre"]
[Result "1-0"]
[WhiteElo "2365"]
[BlackElo "2245"]

1.c4 e5 2.g3 g6 3.Bg2 Bg7 4.Nc3 Ne7 5.Nf3 Nbc6 6.O-O O-O 7.d3 d6 8.Rb1 a5
9.a3 f5 10.Nd2 Kh8 11.b4 axb4 12.axb4 e4 13.Nd5 exd3 14.exd3 Nd4 15.Nb3 c6
16.Nf4 Ne6 17.Nxe6 Bxe6 18.Qe2 Bf7 19.Bg5 Re8 20.Rfe1 Bf8 21.Bf6+ Kg8 22.Ba1 Bg7
23.Bxg7 Kxg7 24.Qb2+ Kg8 25.Nd4 Qd7 26.Nf3 Nc8 27.Ng5 h6 28.Nxf7 Qxf7 29.Qd2 Kg7
30.Rxe8 Qxe8 31.b5 Qd7 32.h4 Ne7 33.Qe3 Ng8 34.Qb6 Rc8 35.Ra1 Ne7 36.Ra7 Rc7
37.bxc6 Nxc6 38.Bxc6 Qxc6 39.Qb2+ Kh7 40.Qf6 Rc8 41.Qe7+  1-0

[Event "Hyeres op"]
[Site "Hyeres"]
[Date "1992.??.??"]
[Round "?"]
[White "Foisor, Ovidiu"]
[Black "Rausis, Igors"]
[Result "1/2-1/2"]
[WhiteElo "2450"]
[BlackElo "2490"]

1.c4 e5 2.g3 Nf6 3.Bg2 Nc6 4.Nf3 d5 5.cxd5 Nxd5 6.O-O Nb6 7.Nc3 Be7 8.a3 O-O
9.b4 Be6 10.Rb1 f6 11.d3 Kh8 12.Ne4 Rb8 13.Qc2 Bg4 14.Bb2 Qd7 15.Rfc1 a6
16.Ba1 Rfc8 17.Nc5 Bxc5 18.Qxc5 Re8 19.Qc2 Nd5 20.Qc4 Nb6 21.Qc2 Nd5 22.Qc4  1/2-1/2

[Event "IRL-op"]
[Site "IRL"]
[Date "1992.??.??"]
[Round "?"]
[White "Daly, Colm"]
[Black "Hodgson, Julian M"]
[Result "0-1"]
[WhiteElo "2225"]
[BlackElo "2535"]

1.c4 e5 2.g3 d6 3.Bg2 g6 4.Nc3 Bg7 5.d3 Ne7 6.Rb1 a5 7.a3 O-O 8.e3 c6 9.Nge2 d5
10.cxd5 cxd5 11.O-O Nbc6 12.e4 Be6 13.Bg5 d4 14.Nd5 f6 15.Nxe7+ Qxe7 16.Bd2 a4
17.Nc1 b5 18.f4 Rfc8 19.f5 Bf7 20.Ra1 Rc7 21.Rf2 Na5 22.Qe1 Nb7 23.g4 Rac8
24.h4 Rc2 25.Rb1 R8c6 26.Bf3 Qc7 27.Rg2 Bf8 28.Kh2 Kh8 29.Kh3 Qc8 30.h5 g5
31.Kg3 h6 32.Qd1 Kg7 33.Kh3 Be7 34.Rf2 b4 35.axb4 Bxb4 36.Bxb4 Rxf2 37.Kg3 Rfc2
38.Ne2 Ba2 39.Ra1 Bb3 40.Qg1 Rxb2 41.Nxd4 exd4 42.Qxd4 Qc7+ 43.e5 fxe5 44.Qxb2 Rc2
45.Rc1 Rxc1 46.Bxb7 Rc2 47.Qa1 Qxb7 48.Qxe5+ Kh7 49.Qe4 Qc7+ 50.Kf3 Bd5  0-1

[Event "ISR-ch"]
[Site "ISR"]
[Date "1992.??.??"]
[Round "9"]
[White "Shvidler, Eliahu"]
[Black "Zilberman, Yaacov"]
[Result "0-1"]
[WhiteElo "2445"]
[BlackElo "2490"]

1.c4 e5 2.g3 d6 3.Bg2 g6 4.d4 Nd7 5.Nc3 Bg7 6.Nf3 Ne7 7.O-O O-O 8.e4 c5 9.d5 a6
10.a4 h6 11.Ne1 f5 12.Nd3 g5 13.f4 exf4 14.gxf4 g4 15.Qe2 fxe4 16.Nxe4 Nf5
17.Ndf2 Nd4 18.Qd1 Nf6 19.Nxf6+ Qxf6 20.Nxg4 Qh4 21.Nf2 Bf5 22.Ra3 Rae8 23.Re3 Rxe3
24.Bxe3 Re8 25.Bxd4 Bxd4 26.b4 Qxf4 27.bxc5 Bxc5 28.Qf3 Re4 29.Qc3 Re2  0-1

[Event "Katowice op"]
[Site "Katowice"]
[Date "1992.??.??"]
[Round "2"]
[White "Vaulin, Alexander"]
[Black "Sulipa, Aleksandar"]
[Result "1-0"]
[WhiteElo "2520"]
[BlackElo "2380"]

1.c4 e5 2.g3 Nf6 3.Bg2 d5 4.cxd5 Nxd5 5.Nf3 Nc6 6.Nc3 Nb6 7.a3 Be7 8.b4 Be6
9.Rb1 f6 10.O-O O-O 11.d3 Qe8 12.Be3 Rd8 13.Qc2 Qf7 14.Ne4 Ba2 15.Rbc1 Bd5
16.Nc5 Nd4 17.Bxd4 exd4 18.Qb2 Bd6 19.Qxd4 Bxg3 20.hxg3 Bxf3 21.Qe3 Bxg2
22.Kxg2 Rfe8 23.Qf3 c6 24.e3 Re7 25.Rfd1 Nc8 26.d4 h6 27.a4 a6 28.e4 Ree8
29.d5 cxd5 30.exd5 Nd6 31.Ne6 Rc8 32.a5 f5 33.Qf4 Nb5 34.Qe5 Kh7 35.Rxc8 Rxc8
36.Nxg7 f4 37.Nf5 fxg3 38.Rh1  1-0

[Event "Katowice op"]
[Site "Katowice"]
[Date "1992.??.??"]
[Round "9"]
[White "Nesterov, Jakov"]
[Black "Vaulin, Alexander"]
[Result "0-1"]
[WhiteElo "2405"]
[BlackElo "2520"]

1.c4 e5 2.g3 c6 3.d4 exd4 4.Qxd4 d5 5.Bg2 dxc4 6.Qxc4 Nf6 7.Nd2 Be7 8.Nh3 O-O
9.O-O Na6 10.a3 Nc7 11.Nb3 Nb5 12.Nf4 Nd6 13.Qa4 Nd7 14.Rd1 Nb6 15.Qa5 Qc7
16.Nd3 Ndc4 17.Qe1 Bd6 18.Nbc5 Qe7 19.Ne4 Bc7 20.b3 Bf5 21.Ndc5 Nd6 22.Nc3 Bc2
23.Rd2 Bg6 24.Bb2 Ndc4 25.bxc4 Qxc5 26.Ne4 Qe7  0-1

[Event "Kecskemet"]
[Site "Kecskemet"]
[Date "1992.??.??"]
[Round "10"]
[White "Mandl, Robert"]
[Black "Arkhipov, Sergey"]
[Result "1/2-1/2"]
[WhiteElo "2415"]
[BlackElo "2515"]

1.c4 e5 2.g3 g6 3.Bg2 Bg7 4.Nc3 Ne7 5.Nf3 Nbc6 6.O-O d6 7.Rb1 a5 8.a3 O-O
9.d3 Nd4 10.Bg5 Ne6 11.Bxe7 Qxe7 12.b4 axb4 13.axb4 c6 14.b5 Bd7 15.Na4 Be8
16.Nd2 cxb5 17.Nb6 Ra5 18.Ne4 Qd8 19.Nd5 Nc5 20.Qd2 Nxe4 21.Bxe4 bxc4 22.dxc4 Rc5
23.Nb6 Bc6 24.Bxc6 bxc6 25.Rfd1 Re8 26.Qxd6 Qxd6 27.Rxd6 Rb8 28.Kg2 Bf8 29.Rdd1 Kg7
30.Nd7  1/2-1/2

[Event "Kobanya op"]
[Site "Kobanya op"]
[Date "1992.??.??"]
[Round "8"]
[White "Obukhov, Alexander"]
[Black "Landa, Konstantin"]
[Result "1-0"]
[WhiteElo "2375"]
[BlackElo "2440"]

1.c4 e5 2.g3 f5 3.Nc3 Nf6 4.Bg2 Nc6 5.d3 g6 6.e3 Bg7 7.Nge2 O-O 8.O-O d6
9.Rb1 Be6 10.Nd5 e4 11.Nef4 Bf7 12.Nxf6+ Bxf6 13.Nd5 exd3 14.Nxf6+ Qxf6 15.b3 Qc3
16.Rb2 Rfd8 17.Rd2 Qa1 18.Rb2 Nb4 19.Qd2 a5 20.e4 fxe4 21.a3 Nc6 22.Bxe4 d5
23.cxd5 Bxd5 24.Qxd3 Bxe4 25.Qxe4 Qxa3 26.Qc4+ Kg7 27.Re2 Qb4 28.Bb2+ Kf8
29.Qc1 Kg8 30.Rfe1 Qxb3 31.Qh6 Qf7 32.Re6 Rf8 33.f4 Rad8 34.f5 Rd6 35.h4 Nd4
36.Bxd4 Rxd4 37.Re7 Rd1 38.Rxf7 Rxe1+ 39.Kf2 Rxf7 40.Kxe1 Rxf5 41.Qd2 Re5+
42.Kf2 Rf5+ 43.Ke3 h5 44.Qd8+ Kg7 45.Qxc7+ Kg8 46.Qc8+ Kg7 47.Qxb7+ Kg8 48.Ke4 Kh8
49.g4 hxg4 50.h5 Rxh5 51.Qf7  1-0

[Event "Kuala Lumpur op"]
[Site "Kuala Lumpur"]
[Date "1992.??.??"]
[Round "9"]
[White "Suba, Mihai"]
[Black "Prasad, Devaki V"]
[Result "1/2-1/2"]
[WhiteElo "2520"]
[BlackElo "2415"]

1.c4 e5 2.g3 Nc6 3.Nc3 g6 4.Bg2 Bg7 5.e3 d6 6.Nge2 h5 7.h3 Nh6 8.Rb1 Be6
9.d3 Qd7 10.b4 Nf5 11.b5 Nd8 12.a4 O-O 13.Qc2 Ne7 14.Nd5 Re8 15.Nec3 c6 16.bxc6 bxc6
17.Nxe7+ Rxe7 18.Ne4 Rc8 19.Ba3 c5 20.Nc3 Nc6 21.Nd5 Ree8 22.h4 Rb8 23.O-O Bh3
24.Rxb8 Rxb8 25.Rb1 Bxg2 26.Rxb8+ Nxb8 27.Kxg2 Qb7 28.a5 a6 29.e4 Nc6 30.Qa4 Kf8
31.Bc1 f6 32.Bd2 Kf7 33.Qd1 Qc8 34.Qb1 Bf8 35.Bc3 Be7 36.Qc1 Kg7 37.Qe3 Kh7
38.Bd2 Qf8 39.f4 Bd8 40.f5 Nd4 41.fxg6+ Kxg6 42.Qf2 f5 43.Bc3 Qf7 44.Bxd4 cxd4
45.Qf3 fxe4 46.Qxe4+ Qf5 47.Qe2 Kg7 48.Kg1 Kg6 49.Kh2 Kg7 50.Kg1 Kg6 51.Kg2  1/2-1/2

[Event "Ladenburg BM"]
[Site "Ladenburg"]
[Date "1992.??.??"]
[Round "5"]
[White "Beikert, Guenther"]
[Black "Vatter, Hans Joachim"]
[Result "1-0"]
[WhiteElo "2350"]
[BlackElo "2280"]

1.g3 e5 2.c4 Nf6 3.Bg2 d5 4.cxd5 Nxd5 5.Nc3 Nb6 6.Nf3 Nc6 7.a3 a5 8.O-O Be7
9.Na4 Nxa4 10.Qxa4 O-O 11.d3 Nd4 12.Nxd4 exd4 13.b4 c6 14.b5 c5 15.Rb1 Qb6
16.e4 dxe3 17.Bxe3 Bf5 18.Be4 Bxe4 19.Qxe4 Rfe8 20.Qc4 Qd6 21.b6 Rec8 22.Rfc1 h6
23.Rb5 Qg6 24.Qd5 Rab8 25.Bxc5 Bxc5 26.Rbxc5 Rd8 27.Qc4 Qxb6 28.d4 Rd7 29.d5 Rbd8
30.Rb5 Qa6 31.a4 b6 32.Qc6 Rd6 33.Qc4 Qb7 34.Rd1 Qd7 35.Qe4 Qe8 36.Qd4 Qe2
37.Kg2 Qc2 38.Rd3 Rf6 39.Rd2 Qc7 40.Re2 Rfd6 41.Re5 Qb7 42.Qe4 Qb8 43.Rb3 Rf6
44.Rd3 Qd6 45.Rc3 Qd7 46.Rc6 Rxc6 47.dxc6 Qc8 48.Re7 g6 49.c7 Rf8 50.Qd5 Kg7
51.Rd7 h5 52.f3 Qa6 53.Kf2 b5 54.axb5  1-0

[Event "Liechtenstein op"]
[Site "Liechtenstein"]
[Date "1992.??.??"]
[Round "?"]
[White "Foisor, Cristina Adela B"]
[Black "Tompa, Janos"]
[Result "0-1"]
[WhiteElo "2375"]
[BlackElo "2415"]

1.c4 e5 2.g3 c6 3.d4 exd4 4.Qxd4 d5 5.cxd5 cxd5 6.Bg2 Be6 7.Nf3 Nc6 8.Qa4 Bc5
9.O-O Nf6 10.Nbd2 O-O 11.Nb3 Bb6 12.Qh4 Qd7 13.Nbd4 Ne4 14.Nxc6 Qxc6 15.Ng5 Nxg5
16.Qxg5 Qc2 17.Bxd5 h6 18.Qh5 Bxd5 19.Qxd5 Qxe2 20.Qxb7 Rac8 21.Kg2 Rc2 22.Qf3 Re8
23.a4 Rc4 24.a5 Bd4 25.b3 Rc5 26.Ra4 Rc3 27.Be3 Bxe3 28.Qxe3  0-1

[Event "Liechtenstein op"]
[Site "Liechtenstein"]
[Date "1992.??.??"]
[Round "?"]
[White "Blodig, Reinhard"]
[Black "Hickl, Joerg"]
[Result "1-0"]
[WhiteElo "2210"]
[BlackElo "2515"]

1.g3 e5 2.c4 Nf6 3.Bg2 c6 4.Nf3 d6 5.O-O Be7 6.Nc3 O-O 7.b3 Nbd7 8.Bb2 Re8
9.Qc2 Bf8 10.d4 a6 11.Rad1 e4 12.Ng5 d5 13.f3 exf3 14.Rxf3 h6 15.Nxf7 Kxf7
16.cxd5 Kg8 17.dxc6 bxc6 18.e4 Nb6 19.e5 Nfd5 20.Qg6 Nxc3 21.Bxc3 Be6 22.Rxf8+ Kxf8
23.Rf1+ Kg8 24.Be4  1-0

[Event "Lippstadt"]
[Site "Lippstadt"]
[Date "1992.??.??"]
[Round "?"]
[White "Arkhipov, Sergey"]
[Black "Mainka, Romuald"]
[Result "1/2-1/2"]
[WhiteElo "2485"]
[BlackElo "2550"]

1.c4 e5 2.g3 d6 3.Bg2 g6 4.Nc3 Bg7 5.d3 f5 6.e4 Nf6 7.Nge2 fxe4 8.dxe4 Be6
9.O-O Qd7 10.b3 O-O 11.Nd5 c6 12.Nxf6+ Bxf6 13.Bh6 Rf7 14.Qd2 Na6 15.Rad1 Rd8
16.h4 Nc7 17.Nc3 Qe7 18.Qe3 b6 19.Rd2 Bc8 20.Rfd1 Ne6 21.b4 Bb7 22.b5 c5
23.Rd3 Nd4 24.Bh3 Kh8 25.Rf1 Rg8 26.f4 exf4 27.Bxf4 g5 28.hxg5 Bxg5 29.Bxg5 Rxf1+
30.Bxf1 Rxg5 31.Qf4 Re5 32.Re3 Ne6 33.Qh6 Ng5 34.Bg2 Re6 35.Qh4 Kg7 36.Qf4 h6
37.Re2 Re5 38.Kh2 Re6 39.Qd2 Qf6 40.Nd5 Bxd5 41.exd5 Re7 42.Rxe7+ Qxe7 43.a4 Nf7
44.a5 Ne5 45.axb6 axb6 46.Qf4 Qg5 47.Bf1 Qg4 48.Kg2 Kg6 49.Kf2 Qd1 50.Be2 Qc2
51.Kf1 Qf5 52.Kg2 Qb1 53.Qe3 Qc2 54.Kh3 Qb1 55.Kg2 Qb2 56.Qe4+ Kg7 57.Kf1 Qa1+
58.Kg2 Qd4 59.Qf4 Qb2 60.Kf1 Qb1+ 61.Kg2 Kg6 62.Qe3 Qc2 63.Kh3 Kg7 64.Kg2 Qb2
65.Qe4 Qd2 66.Kh2 Qd4 67.Qf4 Qb2 68.Qe4 Qd4 69.Qf4 Qb2 70.Qe4 Qd2 71.Kg2 Qe1
72.Qe3 Qb1 73.Qf4 Qc2 74.Qe3 Qb1 75.Qf4 Qe1 76.Qe3 Kg8 77.Qe4 Qd2 78.Kh2 Kg7
79.Kg2 Qg5 80.Qf4 Qf6 81.Qe4 Qg6 82.Qe3 Kf7 83.Qf4+ Ke7 84.Qe3 Qg5  1/2-1/2

[Event "Balkaniad"]
[Site "Mangalia"]
[Date "1992.??.??"]
[Round "1"]
[White "Foisor, Ovidiu"]
[Black "Soylu, Suat"]
[Result "1-0"]
[WhiteElo "2425"]
[BlackElo "2335"]

1.c4 e5 2.g3 Nc6 3.Bg2 g6 4.Nc3 Bg7 5.Rb1 a5 6.a3 d6 7.b4 axb4 8.axb4 Bf5
9.d3 Qc8 10.Nd5 Nce7 11.e4 Nxd5 12.cxd5 Bg4 13.Qc2 c6 14.dxc6 Qxc6 15.Qxc6+ bxc6
16.h3 Bc8 17.Nf3 Ba6 18.Ra1 Ne7 19.Bb2 O-O 20.Kd2 f5 21.Ra5 Bxd3 22.Kxd3 fxe4+
23.Kxe4 d5+ 24.Ke3 Nf5+ 25.Kd2 Rxa5 26.bxa5 e4 27.Bxg7 Nxg7 28.Rc1 exf3 29.Bf1 Rc8
30.Ba6 Rc7 31.Rb1 Ra7 32.Rb8+ Kf7 33.Rb7+ Rxb7 34.Bxb7  1-0

[Event "Manila ol (Men)"]
[Site "Manila"]
[Date "1992.??.??"]
[Round "?"]
[White "Braga, Cicero"]
[Black "Gonzales, S."]
[Result "1/2-1/2"]
[WhiteElo "2355"]
[BlackElo "2305"]

1.g3 e5 2.c4 Nf6 3.Bg2 d5 4.cxd5 Nxd5 5.Nc3 Nb6 6.Nf3 Nc6 7.O-O Be7 8.d3 O-O
9.Be3 Bg4 10.Rc1 Re8 11.Re1 Qd7 12.Ne4 Bb4 13.Bd2 Bf8 14.Be3 Rad8 15.Bc5 Bd6
16.b4 h6 17.b5 Ne7 18.Qb3 Be6 19.Qa3 f5 20.Nxd6 cxd6 21.Be3  1/2-1/2

[Event "Manila ol (Men)"]
[Site "Manila"]
[Date "1992.??.??"]
[Round "?"]
[White "Ermenkov, Evgenij"]
[Black "Eingorn, Vereslav S"]
[Result "1/2-1/2"]
[WhiteElo "2505"]
[BlackElo "2580"]

1.c4 e5 2.g3 Nc6 3.Bg2 f5 4.Nc3 Nf6 5.e3 Be7 6.d3 O-O 7.Nge2 Qe8 8.b3 d6
9.Bb2 a6 10.Qd2 Rb8 11.Nd5 Bd8 12.Rc1 Nd7 13.O-O Ne7 14.f4 c6 15.Nxe7+ Qxe7
16.Kh1 Nf6 17.Rce1 Bd7 18.e4 fxe4 19.dxe4 exf4 20.Nxf4 Bc7 21.c5 dxc5 22.e5 Ng4
23.e6 Be8 24.Qe2 Nf6 25.Be5 Bxe5 26.Qxe5 Rd8 27.Rd1 Ng4 28.Qe2 Rxd1 29.Rxd1 Rxf4
30.gxf4 Qh4 31.Kg1 Qxh2+ 32.Kf1 Qxf4+ 33.Kg1 Qh2+  1/2-1/2

[Event "Manila ol (Women)"]
[Site "Manila"]
[Date "1992.??.??"]
[Round "?"]
[White "Baltagailis, V."]
[Black "Koskela, Niina"]
[Result "0-1"]
[WhiteElo "2000"]
[BlackElo "2125"]

1.c4 e5 2.g3 Nf6 3.Bg2 c6 4.a3 d5 5.Qa4 d4 6.d3 Bd6 7.Nf3 O-O 8.b4 h6 9.O-O Be6
10.Nbd2 Qd7 11.c5 Bc7 12.Nc4 Bxc4 13.dxc4 Qe6 14.Qc2 a5 15.Rb1 Nbd7 16.e3 dxe3
17.Bxe3 Ng4 18.Bd2 f5 19.Rfe1 Qf7 20.h3 e4 21.Nh2 Nge5 22.Rbc1 Nd3 23.f3 Bxg3
24.Rf1 Nxc1 25.Qxc1 Qe6 26.Rd1 axb4 27.axb4 Ne5 28.Bf4 Nd3 29.Rxd3 Bxf4 30.Qe1 Bg3
31.Qe2 Ra2 32.Rd2 Rxd2 33.Qxd2 Qxc4 34.Bf1 Qd5 35.Qc2 Bxh2+ 36.Kxh2 Qe5+
37.Kg2 exf3+ 38.Kxf3  0-1

[Event "Manila ol (Men)"]
[Site "Manila"]
[Date "1992.??.??"]
[Round "?"]
[White "Wong Meng Kong"]
[Black "Aturupane, H."]
[Result "1-0"]
[WhiteElo "2415"]
[BlackElo "2340"]

1.c4 e5 2.g3 Nf6 3.Bg2 d5 4.cxd5 Nxd5 5.Nc3 Nb6 6.Nf3 Nc6 7.O-O Be7 8.a3 a5
9.b3 Be6 10.d3 O-O 11.Bb2 f6 12.Rc1 Qe8 13.Nb5 Qf7 14.Nd2 Rfc8 15.a4 Nd5
16.Nc4 Bb4 17.e4 Nb6 18.f4 Nxc4 19.bxc4 Qd7 20.f5 Bf7 21.g4 Bc5+ 22.Kh1 Be3
23.Rc3 Nb4 24.Rf3 Bf4 25.Qg1 Rd8 26.Bf1 Bd2 27.Rb3 c6 28.Nc3 Rdb8 29.Qf2 Bxc3
30.Rxc3 b6 31.g5 c5 32.Ra3 Qd6 33.Rh3 fxg5 34.Qg3 Nc6 35.Qxg5 Qf6 36.Qg2 h6
37.Bc1 Kf8 38.Be3 Be8 39.Bf2 Rb7 40.Be2 Nd4 41.Bd1 Rc8 42.Ra2 Nc6 43.Bh4 Qf7
44.Rf2 Ra8 45.f6 g6 46.Bg5 hxg5 47.Rh8+ Qg8 48.Qh3 Raa7 49.Qh6+ Kf7 50.Bg4  1-0

[Event "Manila ol (Men)"]
[Site "Manila"]
[Date "1992.??.??"]
[Round "?"]
[White "Rahman, Ziaur"]
[Black "Abdennabi, Imed"]
[Result "1-0"]
[WhiteElo "2360"]
[BlackElo "2395"]

1.c4 e5 2.g3 Nf6 3.Bg2 d5 4.cxd5 Nxd5 5.Nc3 Nb6 6.Nf3 Nc6 7.O-O Be7 8.d3 O-O
9.a3 Re8 10.b4 Bf8 11.Bb2 a5 12.b5 Nd4 13.Re1 a4 14.e3 Nb3 15.Rb1 Bf5 16.Bf1 Nc5
17.e4 Bg4 18.h3 Bxf3 19.Qxf3 Nb3 20.Red1 Bc5 21.Ne2 Qd6 22.d4 exd4 23.Nc1 Na5
24.Nd3 Bxa3 25.e5 Qe7 26.Bxd4 Red8 27.Nf4 Nb3 28.Bc3 Bc5 29.Qg4 Bxf2+ 30.Kg2 Bd4
31.Rxb3 Bxc3 32.Rxc3 Qxe5 33.Rcd3 Rxd3 34.Bxd3 a3 35.Qe2 Qc3 36.Qa2 Na4 37.Ne2 Qb2
38.Qc4 a2 39.Rf1 g6 40.Qxf7+ Kh8 41.Qe7 Qg7 42.Qxg7+ Kxg7 43.Ra1 Nc5 44.Bc4 Ra4
45.Bxa2 Ra3 46.Nd4 Ne4 47.Ne6+ Kh6 48.g4 c6 49.b6 g5 50.Nd4 Nd6 51.Nc2 Ra6
52.Kf3 c5 53.Bd5 Rxb6 54.Re1 Kg7 55.Re7+ Kh8 56.Ne3 Ra6 57.Rd7 Nb5 58.Rxb7 Nd4+
59.Ke4 h5 60.gxh5 Ra5 61.h6 Ra6 62.Ng4 Ne2 63.Ke5 Nc3 64.Bc4  1-0

[Event "Manila ol (Men)"]
[Site "Manila"]
[Date "1992.??.??"]
[Round "?"]
[White "Rahman, Ziaur"]
[Black "Elbilia, Jacques"]
[Result "1-0"]
[WhiteElo "2360"]
[BlackElo "2220"]

1.c4 e5 2.g3 Nf6 3.Bg2 d5 4.cxd5 Nxd5 5.Nc3 Nb6 6.Nf3 Nc6 7.O-O Be7 8.d3 O-O
9.a3 Be6 10.b4 Nd4 11.Bb2 f6 12.Nxd4 exd4 13.Nb5 c6 14.Nxd4 Bf7 15.e4 a5
16.b5 c5 17.Nf5 a4 18.Bc3 Re8 19.Qg4 Bg6 20.Rfd1 Qd7 21.d4 Bxf5 22.exf5 c4
23.d5 Bc5 24.Bxf6 h5 25.Qg6 Rf8 26.Bc3 Qf7 27.Qg5 Rad8 28.f6 Rd6 29.fxg7 Qxf2+
30.Kh1 Rf5 31.Qe7 Rdf6 32.Qe8+  1-0

[Event "Capablanca mem-B"]
[Site "Matanzas"]
[Date "1992.??.??"]
[Round "4"]
[White "Paneque, Pedro"]
[Black "Vera, Reynaldo"]
[Result "0-1"]
[WhiteElo "2375"]
[BlackElo "2495"]

1.c4 e5 2.g3 Nf6 3.Bg2 c6 4.Nf3 e4 5.Nd4 d5 6.Nc3 dxc4 7.Nc2 Na6 8.Nxe4 Nxe4
9.Bxe4 Nc5 10.Bg2 Be6 11.Ne3 Qa5 12.Qc2 Nb3 13.axb3 Qxa1 14.bxc4 Bc5 15.O-O Bxe3
16.fxe3 O-O 17.b3 Qe5 18.d4 Qh5 19.Rf4 Rad8 20.Ba3 Rfe8 21.Rh4 Qg6 22.Be4 f5
23.Bd3 Qg5 24.Bc1 Qf6 25.Bb2 Qg5 26.e4 fxe4 27.Bxe4 h6 28.Bc1 Qf6 29.Bh7+ Kh8
30.Qg6 Rf8 31.Qxf6 Rxf6 32.Bd3 Kg8 33.Rf4 Rxf4 34.gxf4 Rxd4 35.Be3 Rd8 36.Bxa7 Rf8
37.e3 Bf5 38.Bxf5 Rxf5 39.Bb6 Rf8 40.Kf2 Ra8 41.f5 Rf8 42.e4 g6 43.Bc5 Re8
44.Kf3 gxf5 45.exf5 Re5 46.Bd6 Rxf5+ 47.Ke4 Rh5 48.Kd4 Kf7 49.Bg3 Ke6 50.Ke4 Rg5
51.Kd4 h5 52.Bb8 Rf5 53.Ke4 Rf1 54.Kd4 Rf3 55.b4 Rf5 56.Ke4 Rg5 57.Kd4 b5
58.Kc3 Rg4 59.cxb5 cxb5 60.Kb3 Kd5  0-1

[Event "Merida op"]
[Site "Merida"]
[Date "1992.??.??"]
[Round "?"]
[White "Ostos, Julio"]
[Black "Henao, Raul Fernando"]
[Result "0-1"]
[WhiteElo "2285"]
[BlackElo "2390"]

1.c4 e5 2.g3 Nc6 3.Bg2 g6 4.Nc3 Bg7 5.e3 d6 6.d3 Nf6 7.Nge2 O-O 8.O-O Ne7
9.Nd5 c6 10.Nxf6+ Bxf6 11.Nc3 Bg7 12.b3 Re8 13.Bb2 d5 14.cxd5 cxd5 15.Rc1 Be6
16.d4 exd4 17.Nb5 dxe3 18.Bxg7 exf2+ 19.Rxf2 Kxg7 20.Nc7 Kg8 21.Nxa8 Qxa8
22.Qd4 Nf5 23.Qf6 a5 24.Re2 Qa6 25.Rce1 Qb6+ 26.Kh1 d4 27.Rd2 a4 28.g4 Ne3
29.Rxd4 Nxg2 30.Rxe6 Qxe6 31.Qxe6 Rxe6 32.Kxg2 Re2+ 33.Kg3 axb3 34.axb3 Re3+
35.Kf4 Rxb3 36.g5 Kg7 37.h4 h5 38.gxh6+ Kxh6 39.Rd2 Rb1 40.Kg3 f5 41.Rd7 b5  0-1

[Event "Moscow rapid"]
[Site "Moscow"]
[Date "1992.??.??"]
[Round "?"]
[White "Gulko, Boris F"]
[Black "Karpov, Anatoly"]
[Result "1/2-1/2"]
[WhiteElo "2610"]
[BlackElo "2715"]

1.c4 e5 2.g3 Nc6 3.Bg2 g6 4.Nc3 Bg7 5.Rb1 a5 6.e3 d6 7.Nge2 Bf5 8.d3 Nb4
9.e4 Be6 10.O-O Ne7 11.a3 Nbc6 12.b4 axb4 13.axb4 O-O 14.b5 Nb8 15.Be3 Nd7
16.Qc2 c6 17.Ra1 Qc7 18.Rfb1 Rfb8 19.Qd1 Qd8 20.Rxa8 Rxa8 21.Ra1 Ra5 22.Rxa5 Qxa5
23.Qa4 Qxa4 24.Nxa4 cxb5 25.cxb5 d5 26.exd5 Bxd5 27.Nec3 Bxg2 28.Kxg2 f5
29.f4 Kf7 30.Kf3 Ke6 31.Ke2 exf4 32.Bxf4 Nd5 33.Nxd5 Kxd5 34.Kd2 Bd4 35.h3 Nb6
36.Nc3+ Bxc3+ 37.Kxc3 Kc5 38.Be3+ Kxb5 39.Kd4 Kc6 40.Ke5 Nd5 41.Bc1 Nb4 42.Kd4 b5
43.Bd2 Nd5 44.Ke5 b4 45.d4 b3 46.Bc1 Nb4 47.Ba3 Kb5 48.Kf6 Nc2 49.Bb2 Kc4
50.Kg7 Nxd4 51.Kxh7 Ne2 52.Kxg6 Nxg3 53.Kg5 Kd3 54.Kf4 Kc2 55.Ba1  1/2-1/2

[Event "Moscow rapid"]
[Site "Moscow"]
[Date "1992.??.??"]
[Round "?"]
[White "Gulko, Boris F"]
[Black "Dragomarezkij, Evgeni"]
[Result "1-0"]
[WhiteElo "2610"]
[BlackElo "2415"]

1.c4 e5 2.g3 Nf6 3.Bg2 d5 4.cxd5 Nxd5 5.Nf3 Nc6 6.O-O Nb6 7.d3 Be7 8.a3 O-O
9.b4 Re8 10.Bb2 Bf8 11.Nbd2 a6 12.Rc1 f6 13.Ne4 Be6 14.Nc5 Bxc5 15.Rxc5 Qd7
16.Nd2 Nd5 17.Nb3 Qf7 18.Nd2 Rad8 19.Ne4 Nd4 20.e3 Nb5 21.Rc1 Nd6 22.Nc5 Bc8
23.Qb3 Ne7 24.Qxf7+ Kxf7 25.d4 exd4 26.Bxd4 c6 27.Rfd1 Nb5 28.Bb2 Nc7 29.Bf1 Ned5
30.Bc4 Ke7 31.e4 Nb6 32.Bb3 Ne6 33.Bxe6 Bxe6 34.Nxb7 Rxd1+ 35.Rxd1 Nc4 36.Bd4 Bg4
37.Bc5+ Kf7 38.Rd4 Rb8 39.Nd8+ Ke8 40.Nxc6 Rc8 41.Na7 Ne5 42.Nxc8 Nf3+ 43.Kg2 Nxd4
44.Bxd4 Bxc8 45.Kf3 Ke7 46.Ke3 Bd7 47.f4 g6 48.Bc5+ Ke6 49.g4 Ba4 50.f5+ Kf7
51.h4 Bd1 52.Kf4 Bc2 53.e5 fxe5+ 54.Kxe5 Bd1 55.Kf4 Bc2 56.Bd4 Bd3 57.Kg5 Be2
58.Kf4 h5 59.fxg6+ Kxg6 60.g5 Kf7 61.Ke5 Bd3 62.Kd6 Ke8 63.Kc7 Ke7 64.a4 Ke6
65.Kc6 Bc2 66.Kb6 Bxa4 67.Kxa6 Kd7 68.Kb6 Bc2 69.Kc5 Be4  1-0